| 000 | 00619cam a22002411 4500 | ||
|---|---|---|---|
| 001 | sa 64004898 | ||
| 003 | DLC | ||
| 005 | 20260227112028.0 | ||
| 008 | 890628s1960 ii 000 0 kano | ||
| 010 | _asa 64004898 | ||
| 035 | _a(OCoLC)19943776 | ||
| 040 |
_aDLC _cWaU _dDLC |
||
| 042 | _apremarc | ||
| 050 | 0 | 0 |
_aPL4659.S22 _bR3 1960 |
| 100 | 0 |
_aS̥aḍakṣaradeva, _dactive 1655. |
|
| 245 | 1 | 0 | _aRājaśēkharaviḷāsa. |
| 260 | _c[1960] | ||
| 300 |
_a2, 48, 212 p. _c19 cm. |
||
| 500 | _aIn Kannada. | ||
| 500 | _aPoems. | ||
| 700 | 1 |
_aHiremath, Rudrayya Chandrayya, _d1922- |
|
| 700 | 1 | _aSunkapur, M. S. | |
| 999 |
_c58814 _d58814 |
||